000 00439nam a2200169Ia 4500
008 240729s9999 xx 000 0 und d
022 _a2673-4605
245 0 _aMaterials Proceedings
260 _aSwitzerland
260 _bMDPI AG
650 _a Chemical engineering
650 _a Chemical technology
650 _aTechnology
856 _uhttps://doaj.org/toc/50d6960ef70740b3afac6de30155e645
942 _2ddc
942 _cDOAJEJ
999 _c68346
_d68346
945 _a1
_bMadushi Gamage
_c1
_dMadushi Gamage